[Event "1.FrauenBL 2018-19"]
[Site "Berlin"]
[Date "2019.03.03"]
[Round "11.10"]
[White "Dirmeier, Carolin"]
[Black "Osmanodja, Filiz"]
[Result "1/2-1/2"]
[WhiteElo "1938"]
[BlackElo "2326"]
[Annotator "NA"]
[PlyCount "62"]
[EventDate "2018.10.27"]
[EventType "team-tourn"]
[EventCountry "GER"]
[SourceTitle "playchess.com"]
[Source "ChessBase"]
[SourceQuality "1"]
[WhiteTeam "FC Bayern Muenchen"]
[BlackTeam "Hamburger SK"]
[TimeControl "40/5400+30:1800+30"]

1. e4 {[%emt 0:00:00]} e5 {[%emt 0:00:02]} 2. Nf3 {[%emt 0:00:04]} Nc6 {[%emt 0:00:02]} 3. d4 {[%emt 0:00:00]} exd4 {[%emt 0:00:02]} 4. Nxd4 {[%emt 0:00:17]} Nf6 {[%emt 0:00:04]} 5. Nxc6 {[%emt 0:00:20]} bxc6 {[%emt 0:00:01]} 6. e5 {[%emt 0:00:13]} Qe7 {[%emt 0:01:38]} 7. Qe2 {[%emt 0:01:11]} Nd5 {[%emt 0:00:03]} 8. c4 {[%emt 0:00:00]} Nb6 {[%emt 0:00:13]} 9. b3 {[%emt 0:00:35]} Qe6 {[%emt 0:01:57]} 10. Bb2 {[%emt 0:10:48]} a5 {[%emt 0:02:39]} 11. a3 {[%emt 0:01:50]} Ba6 {[%emt 0:06:48]} 12. Nd2 {[%emt 0:15:36]} Be7 {[%emt 0:14:51]} 13. Qe4 {[%emt 0:07:27]} Qg6 {[%emt 0:12:00]} 14. Qf3 {[%emt 0:08:57]} h5 {[%emt 0:20:58]} 15. h3 {[%emt 0:04:12]} h4 {[%emt 0:01:14]} 16. Bd3 {[%emt 0:06:07]} Qh5 {[%emt 0:01:17]} 17. Qe4 {[%emt 0:06:12]} Rh6 {[%emt 0:00:00]} 18. O-O {[%emt 0:04:09]} Re6 {[%emt 0:03:39]} 19. Qd4 {[%emt 0:08:35]} d6 {[%emt 0:08:35]} 20. f4 {[%emt 0:09:07]} dxe5 {[%emt 0:14:03]} 21. fxe5 {[%emt 0:01:20]} Rd8 {[%emt 0:00:00]} 22. Qc3 {[%emt 0:01:33]} Bc5+ {[%emt 0:04:17]} 23. Kh1 {[%emt 0:02:59]} Bd4 {[%emt 0:00:30]} 24. Qc2 {[%emt 0:01:29]} Bxb2 {[%emt 0:00:23]} 25. Rf5 {[%emt 0:05:58]} Qh6 {[%emt 0:04:44]} 26. Raf1 {[%emt 0:02:11]} Rd7 {[%emt 0:01:41]} 27. Ne4 {[%emt 0:01:14]} Bxe5 {[%emt 0:00:19]} 28. Nc5 {[%emt 0:00:25]} g6 {[%emt 0:01:06]} 29. R5f3 {[%emt 0:00:58]} Red6 {[%emt 0:01:16]} 30. Nxa6 {[%emt 0:00:45]} Rd4 {[%emt 0:00:32]} 31. Nc5 {[%emt 0:00:11]} Re7 {[%emt 0:00:00]} 1/2-1/2

[Event "1.FrauenBL 2018-19"]
[Site "Berlin"]
[Date "2019.03.03"]
[Round "11.11"]
[White "Fuchs, Judith"]
[Black "Stangl, Anita"]
[Result "1-0"]
[WhiteElo "2256"]
[BlackElo "2008"]
[Annotator "NA"]
[PlyCount "63"]
[EventDate "2018.10.27"]
[EventType "team-tourn"]
[EventCountry "GER"]
[SourceTitle "playchess.com"]
[Source "ChessBase"]
[SourceQuality "1"]
[WhiteTeam "Hamburger SK"]
[BlackTeam "FC Bayern Muenchen"]
[TimeControl "40/5400+30:1800+30"]

1. d4 {[%emt 0:00:03]} e6 {[%emt 0:00:13]} 2. Bf4 {[%emt 0:00:19]} d5 {[%emt 0:03:34]} 3. e3 {[%emt 0:00:10]} f5 {[%emt 0:07:18]} 4. c4 {[%emt 0:10:29]} c6 {[%emt 0:02:02]} 5. Nc3 {[%emt 0:00:59]} Nf6 {[%emt 0:00:24]} 6. Bd3 {[%emt 0:04:03]} Be7 {[%emt 0:03:30]} 7. h3 {[%emt 0:02:59]} O-O {[%emt 0:01:30]} 8. Nf3 {[%emt 0:02:10]} Ne4 {[%emt 0:03:58]} 9. Qb3 {[%emt 0:03:23]} b6 {[%emt 0:27:16]} 10. cxd5 {[%emt 0:05:11]} cxd5 {[%emt 0:08:20]} 11. Ne5 {[%emt 0:06:02]} Bf6 {[%emt 0:09:53]} 12. Rc1 {[%emt 0:05:49]} Nxc3 {[%emt 0:13:03]} 13. Rxc3 {[%emt 0:02:05]} Nd7 {[%emt 0:02:12]} 14. Bxf5 {[%emt 0:10:58]} Nxe5 {[%emt 0:00:24]} 15. dxe5 {[%emt 0:00:20]} Bh4 {[%emt 0:04:37]} 16. Bb1 {[%emt 0:02:51]} Ba6 {[%emt 0:01:29]} 17. Qa4 {[%emt 0:16:58]} Bc4 {[%emt 0:00:31]} 18. g3 {[%emt 0:01:15]} g5 {[%emt 0:03:36]} 19. Qc2 {[%emt 0:02:38]} Rf7 {[%emt 0:00:57]} 20. Rg1 {[%emt 0:05:05]} gxf4 {[%emt 0:00:53]} 21. gxh4+ {[%emt 0:00:07]} Kf8 {[%emt 0:00:22]} 22. Rg4 {[%emt 0:02:30]} f3 {[%emt 0:00:18]} 23. Qc1 {[%emt 0:02:51]} h5 {[%emt 0:01:12]} 24. Rg5 {[%emt 0:01:14]} Rg7 {[%emt 0:00:46]} 25. e4 {[%emt 0:00:58]} Qe7 {[%emt 0:03:09]} 26. Rxf3+ {[%emt 0:03:42]} Rf7 {[%emt 0:00:32]} 27. Rxf7+ {[%emt 0:00:52]} Qxf7 {[%emt 0:00:34]} 28. b3 {[%emt 0:01:00]} Ba6 {[%emt 0:00:10]} 29. Qa3+ {[%emt 0:00:25]} Ke8 {[%emt 0:00:41]} 30. Qxa6 {[%emt 0:00:40]} Qf3 {[%emt 0:00:12]} 31. Rg8+ {[%emt 0:02:02]} Ke7 32. Qa3+ 1-0

[Event "1.FrauenBL 2018-19"]
[Site "Berlin"]
[Date "2019.03.03"]
[Round "11.12"]
[White "Spiel, Marianne"]
[Black "Zahn, Alina"]
[Result "1/2-1/2"]
[WhiteElo "1901"]
[BlackElo "2117"]
[Annotator "NA"]
[PlyCount "64"]
[EventDate "2018.10.27"]
[EventType "team-tourn"]
[EventCountry "GER"]
[SourceTitle "playchess.com"]
[Source "ChessBase"]
[SourceQuality "1"]
[WhiteTeam "FC Bayern Muenchen"]
[BlackTeam "Hamburger SK"]
[TimeControl "40/5400+30:1800+30"]

1. e4 {[%emt 0:00:03]} e5 {[%emt 0:00:08]} 2. Nf3 {[%emt 0:00:11]} Nc6 {[%emt 0:00:06]} 3. Bb5 {[%emt 0:00:01]} Nf6 {[%emt 0:00:13]} 4. O-O {[%emt 0:00:55]} Nxe4 {[%emt 0:00:16]} 5. Qe2 {[%emt 0:17:29]} Nd6 {[%emt 0:17:26]} 6. Nxe5 {[%emt 0:00:00]} Be7 {[%emt 0:00:00]} 7. Ba4 {[%emt 0:27:30]} Nxe5 {[%emt 0:00:00]} 8. Qxe5 {[%emt 0:00:19]} O-O {[%emt 0:00:00]} 9. d4 {[%emt 0:02:46]} Re8 {[%emt 0:00:00]} 10. c3 {[%emt 0:00:00]} Bf6 {[%emt 0:01:08]} 11. Qh5 {[%emt 0:07:54]} g6 {[%emt 0:01:56]} 12. Qf3 {[%emt 0:00:00]} Nf5 {[%emt 0:02:58]} 13. Bf4 {[%emt 0:03:45]} c6 {[%emt 0:02:06]} 14. d5 {[%emt 0:00:00]} Nh4 {[%emt 0:20:10]} 15. Qd3 {[%emt 0:04:38]} b5 {[%emt 0:18:34]} 16. Bb3 {[%emt 0:00:00]} Bb7 {[%emt 0:00:56]} 17. Nd2 {[%emt 0:00:00]} a5 {[%emt 0:00:00]} 18. a3 {[%emt 0:03:41]} a4 {[%emt 0:00:00]} 19. Ba2 {[%emt 0:01:06]} Ba6 {[%emt 0:03:51]} 20. Ne4 {[%emt 0:00:00]} b4 {[%emt 0:06:43]} 21. Bc4 {[%emt 0:09:13]} cxd5 {[%emt 0:01:56]} 22. Qxd5 {[%emt 0:01:25]} Bxc4 {[%emt 0:00:20]} 23. Qxc4 {[%emt 0:00:06]} d5 {[%emt 0:01:45]} 24. Nxf6+ {[%emt 0:00:47]} Qxf6 {[%emt 0:00:00]} 25. Qxb4 {[%emt 0:02:05]} Re4 {[%emt 0:05:33]} 26. Qb7 {[%emt 0:00:29]} Qxf4 {[%emt 0:06:54]} 27. Qxa8+ {[%emt 0:00:54]} Kg7 {[%emt 0:00:08]} 28. Qxd5 {[%emt 0:04:28]} Qg4 29. g3 {[%emt 0:06:37]} Nf3+ {[%emt 0:00:00]} 30. Kg2 {[%emt 0:00:00]} Nh4+ {[%emt 0:00:00]} 31. Kg1 {[%emt 0:00:00]} Nf3+ {[%emt 0:10:29]} 32. Kg2 {[%emt 0:00:00]} Nh4+ {[%emt 0:01:00]} 1/2-1/2